| LEADER | 00392cam a2200157 7i4500 | ||
|---|---|---|---|
| 001 | 0000007308 | ||
| 005 | 19991218090000.0 | ||
| 020 | 0 | 0 | |a 0002570254 |
| 090 | 0 | 0 | |a B 338.7 |b NAT |
| 100 | 1 | 0 | |a Nathan |
| 245 | 1 | 0 | |a Sony : |b the private life. |
| 260 | 0 | 0 | |a London: |b Harper Collins, |c 1999. |
| 300 | # | # | |a 347p. |
| 650 | 0 | 0 | |a Companies |
| 650 | 0 | 0 | |a Sony |
| 999 | |a B000010814 |b Book |c Book |e Business Information Centre | ||


